Inventors and Their Invention - Statistics

General Stats
  • This quiz has been taken 297 times
  • The average score is 7 of 22
Answer Stats
Invention Answer/Inventor % Correct
Telephone Alexander Graham Bell
95%
Lightbulb Thomas Edison
86%
Lightning Rod Benjamin Franklin
71%
Model T Henry Ford
71%
Plane Wilbur and Orville Wright
61%
Steam Engine James Watt
55%
Printing Press Johannes Gutenberg
48%
Cotton Gin Eli Whitney
40%
Battery Alessandro Volta
32%
Remote Control Nikola Tesla
30%
Parachute Leonardo Da Vinci
25%
X-Ray Wilhelm Roentgen
22%
Steamboat Robert Fulton
13%
Microwave Percy Spencer
10%
Velcro George de Mestral
7%
Potato Chip George Crum
6%
Microscope Zacharias Janssen
6%
Kevlar Stephanie Kwolek
4%
Scotch Tape Richard Drew
3%
Typewriter Christopher Latham Sholes
2%
Lawn Mower Edwin Budding
2%
Q-Tip/Cotton Swab Leo Gerstenzang
1%
No matching quizzes found
Score Distribution
Percent of People with Each Score
Percentile by Number Answered
Your Score History
You have not taken this quiz